Statistiques concernant Les chanteurs français prénommés "Michel"

Cliquez ici pour prendre le quiz!

Statistiques générales

  • Ce quiz a été pris 590 fois
  • Le résultat moyen est 4 sur 7

Statistiques - réponses

Nom% Correct
Sardou
89%
Delpech
72%
Polnareff
63%
Berger
59%
Fugain
54%
Jonasz
45%
Legrand
11%

Distribution des résultats

Percentile par nombre de réponses

% des personnes avec chaque résultat

Votre développement - résultats

Vous n’avez pas pris ce quiz